<?xml version="1.0" encoding="UTF-8"?><?xml-stylesheet type="text/xsl" href="static/style.xsl"?><OAI-PMH xmlns="http://www.openarchives.org/OAI/2.0/" xmlns:xsi="http://www.w3.org/2001/XMLSchema-instance" xsi:schemaLocation="http://www.openarchives.org/OAI/2.0/ http://www.openarchives.org/OAI/2.0/OAI-PMH.xsd"><responseDate>2026-06-01T04:32:57Z</responseDate><request verb="GetRecord" identifier="oai:riuma.uma.es:10630/38840" metadataPrefix="marc">https://riuma.uma.es/rest/oai/request</request><GetRecord><record><header><identifier>oai:riuma.uma.es:10630/38840</identifier><datestamp>2026-02-03T11:31:20Z</datestamp><setSpec>com_10630_2254</setSpec><setSpec>col_10630_37953</setSpec></header><metadata><record xmlns="http://www.loc.gov/MARC21/slim" xmlns:dcterms="http://purl.org/dc/terms/" xmlns:doc="http://www.lyncode.com/xoai" xmlns:xsi="http://www.w3.org/2001/XMLSchema-instance" xsi:schemaLocation="http://www.loc.gov/MARC21/slim http://www.loc.gov/standards/marcxml/schema/MARC21slim.xsd">
   <leader>00925njm 22002777a 4500</leader>
   <datafield ind2=" " ind1=" " tag="042">
      <subfield code="a">dc</subfield>
   </datafield>
   <datafield ind2=" " ind1=" " tag="720">
      <subfield code="a">Sanz-Fernández, Cristina </subfield>
      <subfield code="e">author</subfield>
   </datafield>
   <datafield ind2=" " ind1=" " tag="720">
      <subfield code="a">Pastrana-Brincones, José Luis</subfield>
      <subfield code="e">author</subfield>
   </datafield>
   <datafield ind2=" " ind1=" " tag="720">
      <subfield code="a">Castellano, Julen</subfield>
      <subfield code="e">author</subfield>
   </datafield>
   <datafield ind2=" " ind1=" " tag="720">
      <subfield code="a">Reigal-Garrido, Rafael Enrique</subfield>
      <subfield code="e">author</subfield>
   </datafield>
   <datafield ind2=" " ind1=" " tag="720">
      <subfield code="a">Arvizu-Lozoya, Diego</subfield>
      <subfield code="e">author</subfield>
   </datafield>
   <datafield ind2=" " ind1=" " tag="720">
      <subfield code="a">Hernández-Mendo, Antonio</subfield>
      <subfield code="e">author</subfield>
   </datafield>
   <datafield ind2=" " ind1=" " tag="720">
      <subfield code="a">Morales-Sánchez, Verónica Odilia</subfield>
      <subfield code="e">author</subfield>
   </datafield>
   <datafield ind2=" " ind1=" " tag="260">
      <subfield code="c">2025-01-28</subfield>
   </datafield>
   <datafield ind2=" " ind1=" " tag="520">
      <subfield code="a">Psychological factors in sports have been widely studied in scientific literature. However, only a few studies have used data mining techniques for athletic profile analysis. The main goal of this study was to analyze motivation, self-confidence, flow, and psychological skills in athletics to build differentiated profiles through clustering techniques. The sample size was 470 participants (ages 14–70 years old; M = 32.1; SD = 13.5). The Sports Motivation Scale (SMS), Task and Ego Orientation in Sport Questionnaire (TEOSQ), Self-confidence in Sport Questionnaire (CACD), Flow Dispositional Scale-2 (FDS-2), and Psychological Inventory of Sport Performance (IPED) were used to analyze the psychological profile of the sample. A data clustering analysis was carried out to check the study’s purpose. Results show different behavior patterns according to specific profiles. Similarly, there have been differences between men and women, online and face-to-face participants, federated athletes and runners, categories, or sports disciplines. In conclusion, the understanding of each athlete’s psychological profile is essential to improve his/her performance. The results of this study could be used to implement changes and adjustments in athlete psychological training to run several intervention programs that focus on each group’s needs.</subfield>
   </datafield>
   <datafield ind1="8" ind2=" " tag="024">
      <subfield code="a">Sanz-fernández, Cristina; JOSE LUIS PASTRANA BRINCONES; JULEN CASTELLANO PAULIS; RAFAEL ENRIQUE REIGAL GARRIDO; Arvizu, Diego; ANTONIO HERNANDEZ MENDO; VERONICA MORALES SANCHEZ. Data mining for psychological profiling of track and field athletes and runners. Frontiers in Psychology. 15 - 2024, pp. 1 - 12. 2025. ISSN 1664-1078</subfield>
   </datafield>
   <datafield ind1="8" ind2=" " tag="024">
      <subfield code="a">https://hdl.handle.net/10630/38840</subfield>
   </datafield>
   <datafield ind1="8" ind2=" " tag="024">
      <subfield code="a">10.3389/fpsyg.2024.1518468</subfield>
   </datafield>
   <datafield tag="653" ind2=" " ind1=" ">
      <subfield code="a">Atletas - Aspectos psicológicos</subfield>
   </datafield>
   <datafield tag="653" ind2=" " ind1=" ">
      <subfield code="a">Psicología del deporte</subfield>
   </datafield>
   <datafield tag="653" ind2=" " ind1=" ">
      <subfield code="a">Minería de datos</subfield>
   </datafield>
   <datafield ind2="0" ind1="0" tag="245">
      <subfield code="a">Data mining for psychological profiling of track and field athletes and runners</subfield>
   </datafield>
</record>
</metadata></record></GetRecord></OAI-PMH>